000 00301nam a22001337a 4500
008 170606b xxu||||| |||| 00| 0 eng d
020 _a9780205573172
041 _aeng
080 _28TH
_a327
100 _a18
101 _aSHH
245 _aINTERNATIONAL RELATIONS
_cGOLDSTEIN,J.S
942 _2udc
_cBK
999 _c16181
_d16181